Camada 2019 - Statistics

General Stats
  • This quiz has been taken 5 times
  • The average score is 60 of 129
Answer Stats
Answer % Correct
Elena, Matarasso
80%
Francisca, Houlin Alcacer
80%
Margarita, Gubitosi
80%
Maria Isabella, Keller Sarmiento
80%
Maria Isabel, Sarthou
80%
Marina, Gotz
80%
Stefania, Petti Theiler
80%
Victoria, Hogg
80%
Violeta, Scosceria
80%
Agustin Alejandro, Oxenford
60%
Agustina Maria, Avila Carrizo
60%
Benjamin, Sonne
60%
Cala, Farre Pla
60%
Carolina, Montagna
60%
Catalina, Eisner
60%
Chiara Sofia, Gargiulo
60%
Clara, Gilles
60%
Clara, Murchison
60%
Cole William, Stoeppelwerth
60%
Ema Maria, Yelpez
60%
Eugenia, Beller
60%
Federico, Guerra
60%
Felipe, Cordoba
60%
Felipe Cruz, Ballester
60%
Felipe, Mariani
60%
Fiona Ines, Gandolfo
60%
Franco, Speratti
60%
Franco, Zegarelli
60%
Greta, Lerer
60%
Helena Victoria, Bastarrechea
60%
Ignacio Martin, Gallo
60%
Jacinta, Collazo
60%
Jacinta, de Gainza
60%
Josefina, Kairuz
60%
Juana, de Elizalde
60%
Juan Wenceslao, Hayzus
60%
Lourdes Maria, Rebollo Minassian
60%
Luca, Moretti
60%
Lucas Alberto, Insua
60%
Luna Sofia, Recalde Cabral Adao
60%
Manuela, Bunge
60%
Marcos, Goulu
60%
Maria del Rosario, Cicconi
60%
Maria Dominique, Suffern
60%
Maria Fatima, Augspach
60%
Mariano, Fernandez Zaragoza
60%
Maria, Trapaglia
60%
Martin, Hecht
60%
Matias Axel, Janin
60%
Matteo, Lang
60%
Micaela, Wasserman
60%
Nicolas Juan, Gnocchi
60%
Nicolas Kyriakos, Shakalis
60%
Nicolas, Ozino Caligaris
60%
Nicolas, Pietropaolo
60%
Nicolas, Wasserman
60%
Nicole Sophie, Farre Shaefer
60%
Pia, Marcarian
60%
Ramiro, Haedo
60%
Renata, Rascovan
60%
Santo, Molinari Cattarossi
60%
Santos, Braun
60%
Sasha Michael, Oxenford
60%
Sean, Chen
60%
Teo, Seoane
60%
Tomas Jose, Habib
60%
Trinidad Maria, Assorati
60%
Vittoria, Alliata di Montereale
60%
Alexia, Garcia Guevara
40%
Angeles, Sabate Rovelli
40%
Bianca, Fanti
40%
Camila, Magneli
40%
Carlos Maria, de Alvear
40%
Carolina, Camblor
40%
Denise, Iannopollo Corio
40%
Diego, Contro Aguilera
40%
Felicitas, Rattagan
40%
Felipe, Chozas Alzaga
40%
Ignacio, Salaya
40%
Isabella, Franceschi
40%
Josefina, Soto Acebal
40%
Julia, Navarro
40%
Lucas Aaron, Bernstein
40%
Marcos, Cukier
40%
Marcos Sebastian, Gronda
40%
Maria, Wolfsohn
40%
Martina Ines, Mole Prevett
40%
Mateo, Echague
40%
Mateo, Pizzolo
40%
Maximo, Raballo
40%
Maximo Stefano, Maffoni
40%
Miklos, Gorondi
40%
Ramon, Madanes Quintanilla
40%
Roberto Emilio, Silva
40%
Sofia, Giorgi
40%
Sofia, Goldszer
40%
Tais, Madariaga
40%
Tania Sol, Katz
40%
Tobias, Perry
40%
Valentin, Muir
40%
Ana, Mendez Cañas
20%
Andres Ignacio, Amaya Toustau
20%
Antonio Jose, Llorens
20%
Athina Dagmar, Hansen
20%
Bautista, Zaccaro
20%
Delfina Luz, Shroeder
20%
Felix, Macadam
20%
Fermin, Aldao
20%
Francisco, Vallejos
20%
Ignacio, Gastaldi
20%
Joaquina, Peralta Ramos
20%
Julia, Cordero
20%
Manuel Esteban, Dithurbide
20%
Marcos, Casiraghi
20%
Matias, Pascual
20%
Mauricio, Bussio
20%
Nicolas, Cuadros
20%
Salvador, Di Cio Arias
20%
Santiago Alejandro, Depascale Carena
20%
Silvia Isabel, Paul Roux
20%
Tobias, Gonzales
20%
Valentina, Nuñez
20%
Zoe, Castelli Grandjean
20%
Isabel Eireann, Owen
0%
Luciana, Rubacha
0%
Pedro, Marotta
0%
Pilar, Sobrero
0%
Serena Lucila, Ingham Gayoso
0%
Tomas Jose, Henshcien
0%
No matching quizzes found
Score Distribution
Percent of People with Each Score
Percentile by Number Answered
Your Score History
You have not taken this quiz